Online
Catalog

Cuando el país llama : (Record no. 23704)

MARC details
000 -CABECERA
campo de control de longitud fija 00841nam a2200205 a 4500
001 - NÚMERO DE CONTROL
campo de control 000024210
005 - FECHA Y HORA DE LA ÚLTIMA TRANSACCIÓN
campo de control 20200930022818.0
008 - DATOS DE LONGITUD FIJA--INFORMACIÓN GENERAL
campo de control de longitud fija 110120s1990 cu r 000 0 spa d
040 ## - FUENTE DE LA CATALOGACIÓN
Centro catalogador/agencia de origen DO-SdBNP
Lengua de catalogación spa
Centro/agencia transcriptor BNPHU
082 ## - NÚMERO DE LA CLASIFICACIÓN DECIMAL DEWEY
Número de clasificación nnnn
Número de documento/Ítem C961p
049 ## - FONDOS LOCALES (OCLC)
Fondos de biblioteca BNGR
245 00 - MENCIÓN DE TÍTULO
Título Cuando el país llama :
Resto del título epistolario /
Mención de responsabilidad, etc. compilado por Leonardo Depestre Catony y Eladio Blanco Cabrera ; prólogo de Joaquín G. Santana ; edición de Carina Pino-Santos Navarro.
260 ## - PUBLICACIÓN, DISTRIBUCIÓN, ETC.
Lugar de publicación, distribución, etc. La Habana, Cuba :
Nombre del editor, distribuidor, etc. Política,
Fecha de publicación, distribución, etc. 1990.
300 ## - DESCRIPCIÓN FÍSICA
Extensión xvii, 294, [8] p. ;
Dimensiones 17 cm.
504 ## - NOTA DE BIBLIOGRAFÍA, ETC.
Nota de bibliografía, etc. Incluye referencias bibliográficas y notas al pie de las páginas.
700 1# - PUNTO DE ACCESO ADICIONAL--NOMBRE DE PERSONA
Nombre de persona Depestre Catony, Leonardo,
Término indicativo de función/relación comp.
9 (RLIN) 9704
700 1# - PUNTO DE ACCESO ADICIONAL--NOMBRE DE PERSONA
Nombre de persona Blanco Cabrera, Eladio,
Término indicativo de función/relación comp.
9 (RLIN) 49725
700 1# - PUNTO DE ACCESO ADICIONAL--NOMBRE DE PERSONA
Nombre de persona Santana, Joaquín G.,
Término indicativo de función/relación pról.
9 (RLIN) 49726
700 1# - PUNTO DE ACCESO ADICIONAL--NOMBRE DE PERSONA
Nombre de persona Pino-Santos Navarro, Carina,
Término indicativo de función/relación ed.
9 (RLIN) 46946
Holdings
Estado de retiro Estado de pérdida Restricciones de uso No para préstamo Código de colección Localización permanente Ubicación/localización actual Ubicación en estantería Fecha de adquisición Número de inventario Total de préstamos Signatura topográfica completa Código de barras Fecha visto por última vez Precio válido a partir de Tipo de ítem Koha
    Préstamo interno   Monografías: Libros y Folletos General General En catalogación 20.01.2011 LF1   nnnn C961p 24210-10 25.06.2020 25.06.2020 Préstamo interno

Powered by Koha